O efektívnom využití drahých kovov v národnom hospodárstve 4. konferencia

Salvato in:
Dettagli Bibliografici
Natura: Libro
Lingua:slovacco
Pubblicazione: Bratislava Dom techniky ČSVTS 1985
Tags: Aggiungi Tag
Nessun Tag, puoi essere il primo ad aggiungerne!!

MARC

LEADER 00000nam a2200000 4500
001 c109597
005 20041019155144.4
041 0 |a slo 
044 |a SK 
245 1 0 |a O efektívnom využití drahých kovov v národnom hospodárstve  |b 4. konferencia 
264 1 |a Bratislava  |b Dom techniky ČSVTS  |c 1985 
300 |a 224 s.